000 01071cab a2200277 4500
001 ABS43694
008 090401t1990 xxu||||| |||| 00| 0 eng d
035 _a(Sirsi) u43047
041 _aeng
100 _aRusholme, D.
245 _aTaking the market into account at rent review
260 _c1990
350 _a0
490 _aRent Review & Lease Renewal
_v11 (1) Autumn 1990, 14-19 (14)
520 _aExamines important aspects to be considered by valuers involved in rent reviews based on the current state of the market. These include hypothetical leases , original terms, vacant possession and rent free periods and security of tenure . Refers to case law and the role of the independent arbitrator .
650 _aPHASING
650 _aPIVOT PROPERTIES LTD V SOS FOR ENVIRONMENT
650 _aREVALUATION
650 _aTOYOTA GB LTD V LEGAL AND GENERAL PENSIONS AND MANAGEMENT LTD
650 _aUBR
650 _aValuation
_96273
650 _aWILLING TENANT
690 _aLANDLORD AND TENANT-RENT REVIEWS
942 _n0
948 _c04/03/1997
999 _c27527
_d27527